[Event "Athens of East GM-Open 2019"]
[Site "Madurai"]
[Date "2019.08.12"]
[Round "2.16"]
[White "Shivasubramanian R"]
[Black "Nitin, S.."]
[Result "0-1"]
[WhiteElo "1916"]
[BlackElo "2385"]
[Annotator "TA"]
[PlyCount "79"]
[EventDate "2019.08.11"]
[EventType "swiss"]
[EventCountry "IND"]
[SourceTitle "playchess.com"]
[Source "ChessBase"]
[SourceQuality "1"]

{[%evp 17,79,-4,-4,-14,-24,-37,-38,-45,-43,-51,-54,-84,-16,-128,-129,-130,-137,-122,-124,-135,-134,-187,-187,-191,-187,-174,-110,-98,-107,-100,-102,-162,-151,-179,-56,-82,-59,-74,-77,-133,-120,-128,-92,-142,-108,-117,-98,-143,-104,-169,-172,-301,-275,-477,-343,-343,-345,-339,-337,-338,601,-1147,-1104,-29993]} 1. Nf3 c5 2. g3 g6 3. Bg2 Bg7 4. O-O e5 5. d3 Ne7 6. c4 Nbc6 7. Nc3 d6 8. Rb1 O-O 9. Ne1 Be6 10. Nd5 {A37: Symmetrical English vs ...g6: 4 Bg2 Bg7 5 Nf3} (10. Nc2 d5 11. cxd5 Nxd5 12. Ne4 b6 13. Ng5 Bc8 14. Ne3 Nde7 15. a3 a5 16. Bd2 h6 17. Nf3 Be6 18. a4 Qc7 19. b3 Rad8 {0-1 (57) Lalith,B (2529)-Wei,Y (2732) Chengdu 2017}) 10... Rb8 11. Nxe7+ Nxe7 $146 ({Predecessor:} 11... Qxe7 12. Nc2 Qd8 13. Bd2 a5 14. a3 Nd4 15. b4 cxb4 16. axb4 d5 17. Nxd4 exd4 18. Bf4 Ra8 19. c5 axb4 {1-0 (33) Pigusov,E (2530)-Ernst,T (2450) Belgrade 1988}) 12. b4 {Black is slightly better.} cxb4 13. Rxb4 d5 14. Qa4 Nc6 {[#]} (14... dxc4 $17 {Threatening ...Nd5.} 15. dxc4 Bxc4 $1 {[%mdl 512]}) 15. Rb1 (15. cxd5 $1 $11 {[%mdl 512]} Bxd5 16. Rb2) 15... Nd4 $36 {[%mdl 2048] White is under strong pressure.} 16. Rb2 dxc4 17. dxc4 Rc8 {[%cal Bb8c8,Bc8c4,Bc4d4][%mdl 32]} 18. Nf3 Rxc4 ({Much less strong is} 18... Bxc4 19. Nxd4 exd4 20. Bxb7 $15) 19. Qd1 (19. Qxa7 $17 {was necessary.} e4 20. Nxd4 Bxd4 21. Qxb7) 19... Nxf3+ $19 20. exf3 Rd4 21. Qc2 Bc4 (21... Qd7 $19 {White must now prevent ...Rc8.} 22. Be3 Rc8) 22. Re1 $17 b5 23. Be3 Rd7 24. a4 {[#]} (24. Bf1 $17 {was called for.}) 24... Qa5 $1 $19 25. Rc1 a6 (25... e4 $1 $19 26. Rxb5 Bxb5 27. axb5 Bd4) 26. axb5 axb5 27. Bf1 Rc8 28. Bxc4 ({White should play} 28. Qb1 Qd8 29. Bb6) 28... bxc4 29. Ra2 Qd5 30. Kg2 f5 31. Ra4 {[%cal Ra4c4]} c3 32. h4 Qe6 33. h5 (33. Rca1 $17) 33... gxh5 34. Rh4 {[#]} (34. Rca1 {was worth a try.}) 34... f4 $1 35. Rxh5 $2 (35. gxf4 {was forced.} exf4 36. Rxf4) 35... Qg6 36. Qb3+ Rf7 37. Rh4 fxe3 38. Rxc3 Rcc7 $4 {[%mdl 8192]} (38... Rxc3 $19 39. Qxc3 exf2 40. Kxf2 Qb1) 39. Rc5 $4 {[%mdl 8192]} (39. Rxc7 $18 Qf5 40. Rxf7 Qxf7 41. Qxe3) 39... Rxc5 40. Qc3 {Accuracy: White = 24%, Black = 59%.} 0-1

[Event "Athens of East GM-Open 2019"]
[Site "Madurai"]
[Date "2019.08.12"]
[Round "2.17"]
[White "Mohamed Anees M"]
[Black "Rathnakaran, K.."]
[Result "0-1"]
[WhiteElo "1846"]
[BlackElo "2344"]
[Annotator "ChessBase"]
[PlyCount "108"]
[EventDate "2019.08.11"]
[EventType "swiss"]
[EventCountry "IND"]
[SourceTitle "playchess.com"]
[Source "ChessBase"]
[SourceQuality "1"]
[TimeControl "5400+30"]

1. d4 {[%emt 0:00:00]} Nf6 {[%emt 0:00:00]} 2. c4 {[%emt 0:00:00]} c5 {[%emt 0:00:00]} 3. d5 {[%emt 0:00:02]} e5 {[%emt 0:00:00]} 4. Nc3 {[%emt 0:03:22]} d6 {[%emt 0:00:00]} 5. Qc2 {[%emt 0:02:15]} Be7 {[%emt 0:00:13]} 6. e3 {[%emt 0:00:46]} O-O {[%emt 0:00:07]} 7. Nf3 {[%emt 0:00:08]} Na6 {[%emt 0:00:06]} 8. a3 {[%emt 0:01:05]} Nc7 {[%emt 0:00:05]} 9. Bd3 {[%emt 0:05:52]} Rb8 {[%emt 0:00:11]} 10. O-O {[%emt 0:00:41]} Bd7 {[%emt 0:00:51]} 11. Rd1 {[%emt 0:01:42]} h6 {[%emt 0:03:35]} 12. h3 {[%emt 0:06:28]} Nfe8 {[%emt 0:00:56]} 13. Bh7+ {[%emt 0:02:06]} Kh8 {[%emt 0:00:10]} 14. Bf5 {[%emt 0:00:03]} Bxf5 {[%emt 0:02:40]} 15. Qxf5 {[%emt 0:00:18]} g6 {[%emt 0:00:36]} 16. Qc2 {[%emt 0:01:23]} f5 {[%emt 0:00:06]} 17. b4 {[%emt 0:03:20]} b6 {[%emt 0:00:07]} 18. Bb2 {[%emt 0:03:18]} Bf6 {[%emt 0:01:36]} 19. Ne2 {[%emt 0:04:46]} Ng7 {[%emt 0:00:08]} 20. Nh2 {[%emt 0:01:44]} Qd7 {[%emt 0:02:33]} 21. Bc3 {[%emt 0:10:59]} Na6 {[%emt 0:07:28]} 22. b5 {[%emt 0:00:43]} Nc7 {[%emt 0:00:10]} 23. Qb2 {[%emt 0:00:56]} Qe7 {[%emt 0:03:09]} 24. a4 {[%emt 0:01:21]} g5 {[%emt 0:00:11]} 25. a5 {[%emt 0:03:20]} Na8 {[%emt 0:01:44]} 26. axb6 {[%emt 0:06:16]} Nxb6 {[%emt 0:00:24]} 27. Qb3 {[%emt 0:00:08]} h5 {[%emt 0:00:29]} 28. f3 {[%emt 0:06:21]} e4 {[%emt 0:03:13]} 29. f4 {[%emt 0:00:21]} g4 {[%emt 0:00:42]} 30. hxg4 {[%emt 0:01:50]} fxg4 {[%emt 0:00:21]} 31. Kf2 {[%emt 0:02:16]} Kg8 {[%emt 0:03:54]} 32. g3 {[%emt 0:00:49]} Rb7 {[%emt 0:00:42]} 33. Rg1 {[%emt 0:10:21]} Nf5 {[%emt 0:00:45]} 34. Rac1 {[%emt 0:03:13]} Nd7 {[%emt 0:03:34]} 35. Ra1 {[%emt 0:01:28]} Qg7 {[%emt 0:00:47]} 36. Bxf6 {[%emt 0:00:50]} Qxf6 {[%emt 0:01:18]} 37. Qc3 {[%emt 0:00:49]} Qxc3 {[%emt 0:01:31]} 38. Nxc3 {[%emt 0:00:04]} Nb6 {[%emt 0:00:05]} 39. Nxe4 {[%emt 0:01:07]} Nxc4 {[%emt 0:01:47]} 40. Rgc1 {[%emt 0:01:25]} Ncxe3 {[%emt 0:02:50]} 41. Nxd6 {[%emt 0:01:37]} Nxd6 {[%emt 0:00:11]} 42. Kxe3 {[%emt 0:00:03]} Re8+ {[%emt 0:03:02]} 43. Kd3 {[%emt 0:02:43]} Rxb5 {[%emt 0:00:26]} 44. Nf1 {[%emt 0:01:11]} Rb3+ {[%emt 0:04:37]} 45. Kc2 {[%emt 0:03:41]} c4 {[%emt 0:00:10]} 46. Re1 {[%emt 0:02:09]} Reb8 {[%emt 0:04:21]} 47. Re6 {[%emt 0:01:05]} Nb5 {[%emt 0:00:45]} 48. Rg6+ {[%emt 0:00:34]} Kf7 {[%emt 0:00:13]} 49. Rh6 {[%emt 0:02:05]} Nd4+ {[%emt 0:05:46]} 50. Kc1 {[%emt 0:00:05]} Rc3+ {[%emt 0:00:33]} 51. Kd1 {[%emt 0:00:05]} Rd3+ {[%emt 0:00:05]} 52. Nd2 {[%emt 0:00:05]} c3 {[%emt 0:00:35]} 53. Rxa7+ {[%emt 0:03:47]} Kg8 {[%emt 0:00:08]} 54. Rg6+ {[%emt 0:00:01]} Kf8 {[%emt 0:00:07]} 0-1

[Event "Athens of East GM-Open 2019"]
[Site "Madurai"]
[Date "2019.08.12"]
[Round "2.18"]
[White "Shreyash Shuvam Patnaik"]
[Black "Kunal, M.."]
[Result "0-1"]
[WhiteElo "1885"]
[BlackElo "2306"]
[Annotator "ChessBase"]
[PlyCount "64"]
[EventDate "2019.08.11"]
[EventType "swiss"]
[EventCountry "IND"]
[SourceTitle "playchess.com"]
[Source "ChessBase"]
[SourceQuality "1"]
[TimeControl "5400+30"]

1. e4 {[%emt 1:30:30]} c6 {[%emt 0:03:30]} 2. d4 {[%emt 0:00:00]} d5 {[%emt 0:00:05]} 3. exd5 {[%emt 0:00:00]} cxd5 {[%emt 0:00:08]} 4. c4 {[%emt 0:00:00]} Nf6 {[%emt 0:00:11]} 5. Nc3 {[%emt 0:00:00]} Nc6 {[%emt 0:00:10]} 6. Bg5 {[%emt 0:00:00]} Be6 {[%emt 0:00:10]} 7. Nf3 {[%emt 0:00:00]} g6 {[%emt 0:00:21]} 8. Bxf6 {[%emt 0:00:00]} exf6 {[%emt 0:00:07]} 9. c5 {[%emt 0:00:00]} Bg7 {[%emt 0:00:41]} 10. Bb5 {[%emt 0:00:00]} O-O {[%emt 0:00:22]} 11. Bxc6 {[%emt 0:00:00]} bxc6 {[%emt 0:00:16]} 12. O-O {[%emt 0:00:00]} Bg4 {[%emt 0:02:00]} 13. h3 {[%emt 0:00:00]} Bxf3 {[%emt 0:00:06]} 14. Qxf3 {[%emt 0:00:00]} f5 {[%emt 0:00:05]} 15. Rfd1 {[%emt 0:00:00]} Rb8 {[%emt 0:00:22]} 16. Rab1 {[%emt 0:00:00]} Qa5 {[%emt 0:00:52]} 17. a3 {[%emt 0:00:00]} Rb3 {[%emt 0:01:35]} 18. Rd3 {[%emt 0:00:00]} Qa6 {[%emt 0:01:22]} 19. Qd1 {[%emt 0:00:00]} Rfb8 {[%emt 0:00:24]} 20. Rd2 {[%emt 0:00:00]} h5 {[%emt 0:02:23]} 21. Na2 {[%emt 0:00:00]} Bh6 {[%emt 0:16:18]} 22. Rc2 {[%emt 0:00:00]} Qb5 {[%emt 0:11:21]} 23. Nb4 {[%emt 0:00:00]} a5 {[%emt 0:00:40]} 24. Rc3 {[%emt 0:00:00]} Rxc3 {[%emt 0:04:47]} 25. bxc3 {[%emt 0:00:00]} Qb7 {[%emt 0:03:18]} 26. Qa4 {[%emt 0:00:00]} axb4 {[%emt 0:00:40]} 27. Rb2 {[%emt 0:13:00]} b3 28. Rxb3 {[%emt 0:00:00]} Ra8 {[%emt 0:00:42]} 29. Rb4 {[%emt 0:00:00]} Qe7 {[%emt 0:01:27]} 30. Qb3 {[%emt 0:00:00]} Kg7 {[%emt 0:01:31]} 31. Rb8 {[%emt 0:00:00]} Bd2 {[%emt 0:00:18]} 32. Kf1 {[%emt 0:00:00]} Qe1# {[%emt 0:01:22] g3 Qe4 Kg1 Rxb8 Qxb8 Bxc3 Qb7 Bxd4} 0-1

[Event "Athens of East GM-Open 2019"]
[Site "Madurai"]
[Date "2019.08.12"]
[Round "2.19"]
[White "Sahoo, Utkal Ranjan"]
[Black "Manthan Kashyap Datta"]
[Result "1-0"]
[WhiteElo "2278"]
[BlackElo "1861"]
[Annotator "ChessBase"]
[PlyCount "107"]
[EventDate "2019.08.11"]
[EventType "swiss"]
[EventCountry "IND"]
[SourceTitle "playchess.com"]
[Source "ChessBase"]
[SourceQuality "1"]
[TimeControl "5400+30"]

1. d4 {[%emt 0:00:00]} Nf6 {[%emt 0:00:00]} 2. Bg5 {[%emt 0:00:00]} Ne4 {[%emt 0:00:00]} 3. Bf4 {[%emt 0:00:00]} c5 {[%emt 0:00:41]} 4. d5 {[%emt 0:00:34]} Qa5+ {[%emt 0:00:39]} 5. c3 {[%emt 0:00:40]} Qb6 {[%emt 0:00:08]} 6. Bc1 {[%emt 0:01:50]} e6 {[%emt 0:00:13]} 7. f3 {[%emt 0:00:17]} Nf6 {[%emt 0:00:08]} 8. e4 {[%emt 0:00:08]} exd5 {[%emt 0:00:07]} 9. exd5 {[%emt 0:00:59]} Be7 {[%emt 0:00:28]} 10. Na3 {[%emt 0:05:47]} d6 {[%emt 0:01:31]} 11. Nc4 {[%emt 0:01:50]} Qc7 {[%emt 0:01:25]} 12. a4 {[%emt 0:00:15]} O-O {[%emt 0:00:52]} 13. Ne2 {[%emt 0:09:50]} Nh5 {[%emt 0:09:28]} 14. Kf2 {[%emt 0:10:23]} f5 {[%emt 0:03:08]} 15. Nf4 {[%emt 0:01:54]} Nxf4 {[%emt 0:01:26]} 16. Bxf4 {[%emt 0:00:02]} Nd7 {[%emt 0:00:28]} 17. Qd2 {[%emt 0:02:59]} Nf6 {[%emt 0:06:17]} 18. Re1 {[%emt 0:01:43]} Re8 {[%emt 0:01:39]} 19. h4 {[%emt 0:01:44]} Bd7 {[%emt 0:01:58]} 20. Rxe7 {[%emt 0:03:38]} Rxe7 {[%emt 0:03:16]} 21. Bxd6 {[%emt 0:01:39]} Qd8 {[%emt 0:00:12]} 22. Bxe7 {[%emt 0:00:09]} Qxe7 {[%emt 0:00:07]} 23. d6 {[%emt 0:01:11]} Qe6 {[%emt 0:16:53]} 24. Na3 {[%emt 0:08:35]} Kh8 {[%emt 0:07:28]} 25. Bc4 {[%emt 0:03:55]} Qe5 {[%emt 0:00:25]} 26. Bb5 {[%emt 0:01:30]} Bxb5 {[%emt 0:12:42]} 27. axb5 {[%emt 0:00:13]} Rd8 {[%emt 0:00:58]} 28. Nc4 {[%emt 0:07:57]} Qe6 {[%emt 0:09:35]} 29. Qe2 {[%emt 0:04:06]} Qxe2+ {[%emt 0:02:05]} 30. Kxe2 {[%emt 0:00:02]} Kg8 {[%emt 0:01:16]} 31. Ra1 {[%emt 0:00:47]} Ra8 {[%emt 0:02:06]} 32. Kf2 {[%emt 0:01:14]} Nd7 {[%emt 0:02:49]} 33. Re1 {[%emt 0:01:31]} Rf8 {[%emt 0:01:55]} 34. Na5 {[%emt 0:00:37]} b6 {[%emt 0:01:17]} 35. Nc6 {[%emt 0:00:52]} Nf6 {[%emt 0:02:03]} 36. Ne7+ {[%emt 0:04:23]} Kh8 {[%emt 0:00:06]} 37. Nxf5 {[%emt 0:00:41]} g6 {[%emt 0:00:03]} 38. Ng3 {[%emt 0:00:55]} Rd8 {[%emt 0:03:08]} 39. Rd1 {[%emt 0:00:05]} Kg7 {[%emt 0:00:19]} 40. Ne4 {[%emt 0:00:33]} Nxe4+ {[%emt 0:00:38]} 41. fxe4 {[%emt 0:00:02]} Kf6 {[%emt 0:00:10]} 42. Kf3 {[%emt 0:00:23]} Ke6 {[%emt 0:00:32]} 43. d7 {[%emt 0:00:13]} Rxd7 {[%emt 0:00:08]} 44. Rxd7 {[%emt 0:25:54]} Kxd7 {[%emt 0:00:04]} 45. Kf4 {[%emt 0:00:00]} Ke6 {[%emt 0:00:07]} 46. c4 {[%emt 0:00:00]} h6 {[%emt 0:00:45]} 47. e5 {[%emt 0:00:00]} Ke7 {[%emt 0:01:49]} 48. Ke4 {[%emt 0:00:00]} Ke6 {[%emt 0:00:07]} 49. g4 {[%emt 0:00:00]} h5 {[%emt 0:00:40]} 50. g5 {[%emt 0:00:00]} Ke7 {[%emt 0:00:03]} 51. Kd5 {[%emt 0:00:00]} Kd7 {[%emt 0:00:06]} 52. e6+ {[%emt 0:00:00]} Ke8 {[%emt 0:00:18]} 53. Ke5 {[%emt 0:00:00]} Ke7 {[%emt 0:00:08]} 54. b3 {[%emt 0:00:00]} 1-0

[Event "Athens of East GM-Open 2019"]
[Site "Madurai"]
[Date "2019.08.13"]
[Round "3.1"]
[White "Nayak Rajesh"]
[Black "Gupta, Abhijeet"]
[Result "1/2-1/2"]
[WhiteElo "2250"]
[BlackElo "2603"]
[Annotator "TA"]
[PlyCount "164"]
[EventDate "2019.08.11"]
[EventType "swiss"]
[EventCountry "IND"]
[SourceTitle "playchess.com"]
[Source "ChessBase"]
[SourceQuality "1"]

{[%evp 18,164,14,12,25,31,45,10,20,25,17,14,18,12,26,0,0,0,0,0,0,0,23,0,4,11,27,6,7,14,7,0,12,0,0,-5,0,0,-3,-4,-13,-6,0,-6,0,0,0,-3,0,-13,-7,-12,0,-58,-43,-67,-32,-37,-33,-26,-26,-28,-31,-31,-16,-30,-23,-41,-33,-33,-28,-50,-29,-44,-43,-24,0,0,0,0,0,0,0,0,9,-39,-40,-31,0,-25,0,0,20,32,26,0,0,0,0,0,0,0,0,0,0,0,0,0,0,0,0,0,0,0,0,0,0,0,0,0,0,0,0,0,0,0,0,0,0,0,0,0,0,0,0,2,60,63,84,51,51,51,89,85,79,97,68,0,0]} 1. e4 c5 2. Nf3 d6 3. d4 cxd4 4. Nxd4 Nf6 5. Nc3 Nc6 6. Bc4 e6 7. O-O Be7 8. Bb3 a6 9. Be3 Qc7 10. f4 Nxd4 {B88: Sicilian: Sozin Attack} (10... Na5 11. g4 h5 12. g5 Ng4 13. Bc1 b5 14. h3 b4 15. Na4 Bb7 16. hxg4 Nxb3 17. cxb3 hxg4 18. Qe2 Rh3 {0-1 (27) Rublevsky,S (2681)-Dubov,D (2660) Khanty-Mansiysk 2016}) 11. Bxd4 b5 12. a3 (12. e5 $5 {[%cal Re5f6]} Nd7 13. exd6 Qxd6 14. f5 $14 (14. Bxg7 Qxd1 15. Raxd1 Rg8 $14)) 12... Bb7 13. f5 e5 14. Be3 h6 $146 ({Predecessor:} 14... O-O 15. Bg5 h6 16. Bxf6 Bxf6 17. Nd5 Bxd5 18. Bxd5 {1-0 (39) Petzold,H (1947)-Uckar,K (1653) Berlin 2010}) 15. Qf3 Rc8 16. Rad1 Qb8 17. Nd5 Bxd5 18. exd5 Bd8 19. Kh1 O-O 20. Qh3 {[#] Hoping for Bxh6!} Nh7 21. c3 Bf6 22. Rf3 Ng5 23. Bxg5 $1 hxg5 24. Qh5 {[#] Rh3 would kill now.} Rfe8 25. Re1 (25. Re3 {keeps more tension.} Kf8 26. Qe2 Ke7 27. a4 Rh8 28. g3) 25... Kf8 26. Qg4 Ke7 27. Rh3 Rh8 28. Rxh8 Rxh8 29. g3 Qb6 30. Re2 a5 31. Kg2 Rb8 32. Re4 Qc5 33. Qe2 Kf8 34. Qf2 Qc8 35. g4 ({White should try} 35. Bc2 $11) 35... Bd8 $15 36. Qe3 Bb6 37. Qxg5 Qc5 38. Qd2 Qg1+ 39. Kf3 $1 Qh1+ 40. Qg2 Qc1 {[%mdl 1024] Strongly threatening ...a4. Black has compensation.} 41. Qe2 $1 Ke7 {aiming for ...Rh8.} 42. Bd1 ({Don't go for} 42. Rxe5+ $2 dxe5 43. h4 Qh1+ 44. Kg3 Bc7 $19) 42... Rh8 {Threatens to win with ...Bg1.} 43. Kg2 $1 Qh6 44. Kh1 Kf6 45. Bc2 Qc1+ 46. Bd1 Rh3 47. Kg2 $1 {[%cal Rg2h3]} Rh8 48. h3 Ke7 49. Qc2 Qh6 {[%csl Gh8][%cal Rh6h3]} 50. Qd3 g6 51. Re1 gxf5 52. gxf5 Qf4 {( -> ...Qf2+!)} 53. Rf1 (53. f6+ $5 Qxf6 54. Rf1 Qg5+ 55. Bg4 $11) 53... Rg8+ 54. Bg4 $1 Qc4 (54... Rxg4+ {with more complications.} 55. hxg4 Qxg4+ 56. Kh2 e4 57. f6+ Kd8) 55. Qxc4 bxc4 $11 {[%mdl 4096] Endgame KRB-KRB} 56. Re1 Kf6 57. Kf3 Rb8 58. Ke4 Bf2 59. Re2 Bh4 60. a4 Bg5 61. Rc2 $1 Rh8 62. Rg2 Bf4 63. Re2 Kg5 64. Rg2 Kh4 65. Kf3 f6 66. Ke4 Rb8 67. Rc2 Rh8 68. Kf3 Bg5 69. Re2 Bh6 70. Rc2 Bg5 71. Re2 Re8 72. Ke4 Kg3 73. Rc2 Bf4 74. Re2 Rh8 75. Rc2 $1 Rb8 76. Be2 Kxh3 (76... Rh8 $11) 77. Bxc4 $14 Rg8 78. Bf1+ Kh4 79. Rg2 Bg3 80. Be2 Kh3 81. Bf3 Rh8 82. Re2 (82. Kd3 $14) 82... Rh4+ {Accuracy: White = 64%, Black = 62%.} 1/2-1/2

[Event "Athens of East GM-Open 2019"]
[Site "Madurai"]
[Date "2019.08.13"]
[Round "3.2"]
[White "Savchenko, Boris"]
[Black "Sahoo, Utkal Ranjan"]
[Result "1-0"]
[WhiteElo "2576"]
[BlackElo "2278"]
[Annotator "TA"]
[PlyCount "121"]
[EventDate "2019.08.11"]
[EventType "swiss"]
[EventCountry "IND"]
[SourceTitle "playchess.com"]
[Source "ChessBase"]
[SourceQuality "1"]

{[%evp 21,121,32,49,0,47,63,67,58,85,54,41,45,91,62,123,79,71,71,178,132,110,87,79,66,81,75,90,83,98,95,78,79,121,114,151,109,143,98,96,81,75,52,61,61,61,54,52,64,70,14,14,20,14,14,16,0,11,16,9,16,20,20,20,0,83,69,50,25,58,49,54,19,50,48,270,284,285,278,377,354,346,318,520,508,1106,887,29970,29969,29974,29975,29975,29976,29976,29977,29983,29984,29984,29984,29984,29985,29987,29988]} 1. d4 d5 2. c4 e6 3. Nc3 Nf6 4. cxd5 exd5 5. Bg5 Nbd7 6. e3 Be7 7. Bd3 O-O 8. Nf3 c6 9. Qc2 Re8 10. h3 h6 11. Bf4 Nf8 12. O-O-O {D36: Queen's Gambit Declined: Exchange Variation: Main line (5 Bg5 c6 6 Qc2)} (12. O-O Be6 13. Bh2 N6d7 14. Rae1 Rc8 15. Nd2 c5 16. f4 f6 17. Nf3 Bf7 18. f5 a6 19. g4 b5 20. Qg2 c4 {1-0 (72) Khotenashvili,B (2477)-Vo,T (2354) Khanty-Mansiysk 2018}) 12... Bd6 (12... Bb4 {is interesting.} 13. Kb1 Be6 14. Na4 Ne4 15. a3 Be7) 13. Bxd6 Qxd6 14. Kb1 {White is slightly better.} Be6 15. Rc1 $146 ({Predecessor:} 15. g4 N6h7 16. Rhg1 Ng5 17. Nxg5 hxg5 {0-1 (50) Schreib,M (1894)-Von Saldern,R (2010) Bad Woerishofen 2012}) 15... N8d7 16. g4 a6 17. Rhg1 Kf8 (17... Rac8 $1 $14) 18. g5 hxg5 19. Nxg5 g6 (19... c5 $16 {was called for.}) 20. Ne2 Ne4 21. Nf4 Nxg5 22. Rxg5 Ke7 $1 23. h4 Kd8 24. Qb3 Rb8 25. h5 gxh5 26. Rxh5 Bg4 27. Rh7 Qf6 28. Rg1 Bf5 29. Bxf5 Qxf5+ 30. Qc2 Qxc2+ 31. Kxc2 Rf8 $1 32. Rg5 Nf6 $1 {[%cal Rf6h7]} 33. Rh6 Ne4 34. Rf5 Kd7 35. Rh7 (35. Nd3 $14) 35... Nd6 $11 36. Rfh5 Rg8 37. Nd3 Rg2 38. R5h6 Ke7 39. Kb3 Rbg8 40. Kb4 Ne4 41. Ka5 Nxf2 42. Nc5 {And now Re6+ would win.} R8g7 (42... Ne4 $11 {remains equal.} 43. Re6+ Kd8 44. Nxb7+ Kd7) 43. Rxg7 $16 Rxg7 {[%mdl 4096] Endgame KRN-KRN} 44. Kb6 Nd1 45. Kxb7 Nxe3 46. Rxc6 a5 47. a4 {Hoping for b4!} Rg4 $2 {[#]} (47... Rg2 $14) 48. b4 $1 $18 {[%mdl 512]} Nc4 (48... axb4 49. a5) 49. b5 f5 50. b6 Rxd4 51. Ka6 {b7 would kill now.} Nd6 $2 (51... Nxb6 {is a better defense.} 52. Rxb6 Rc4) 52. Rc7+ Kf6 (52... Ke8 $142 53. b7 Nxb7) 53. Rd7 Ke5 54. Re7+ {White mates.} Kf4 55. Ne6+ Ke5 56. Nxd4+ Kxd4 57. Re6 Ne4 {[#]} 58. Rxe4+ $1 {[%mdl 576] Promotion} dxe4 (58... Kxe4 59. b7) 59. b7 f4 60. b8=Q f3 {[#]} 61. Qf4 $1 {Accuracy: White = 62%, Black = 38%.} 1-0

[Event "Athens of East GM-Open 2019"]
[Site "Madurai"]
[Date "2019.08.13"]
[Round "3.3"]
[White "Prasannaa.s"]
[Black "Smirnov, Pavel"]
[Result "0-1"]
[WhiteElo "2233"]
[BlackElo "2574"]
[Annotator "TA"]
[PlyCount "126"]
[EventDate "2019.08.11"]
[EventType "swiss"]
[EventCountry "IND"]
[SourceTitle "playchess.com"]
[Source "ChessBase"]
[SourceQuality "1"]

{[%evp 17,126,16,11,9,0,-11,0,0,0,-7,0,-5,0,0,-7,-16,0,0,0,0,0,5,13,17,44,55,100,103,95,97,105,99,110,37,43,45,59,4,5,6,4,6,9,4,14,0,0,0,18,9,18,0,34,0,0,0,76,51,102,125,122,121,123,0,0,0,0,-93,-93,-83,0,0,0,0,0,0,0,-128,-118,-89,-110,-102,-103,-90,-85,-1118,-127,-235,-58,-57,-84,-474,-485,-474,-474,-459,-452,-452,-437,-670,-670,-663,-663,-663,-660,-29980,-29981,-29981,-29982,-29982,-29983]} 1. e4 e5 2. Nf3 Nc6 3. Bb5 a6 4. Bxc6 dxc6 5. O-O Bd6 6. d4 exd4 7. Qxd4 f6 8. Be3 Be6 9. Nbd2 Ne7 10. Qc3 {C68: Ruy Lopez: Exchange Variation, sidelines} Qd7 11. Nc4 Bxc4 12. Qxc4 {The position is equal.} Ng6 13. Rfe1 O-O-O 14. Rad1 Qe7 {[#]} 15. Bd4 $146 ({Predecessor:} 15. c3 Rhe8 16. Bc1 Bc5 17. Rxd8+ Rxd8 18. g3 Bb6 19. Kg2 {1-0 (40) Laznicka,V (2596)-Fressinet,L (2628) Germany 2006}) 15... Rhe8 16. g3 h5 17. Bc3 Ne5 18. Qe2 Nxf3+ 19. Qxf3 h4 20. Qg4+ Kb8 21. Qxh4 Be5 22. Bxe5 Qxe5 23. Qg4 Rxd1 24. Qxd1 $16 {[%mdl 4096] Endgame KQR-KQR} f5 25. c3 (25. Qh5 $16) 25... fxe4 $14 26. Re3 Qd5 27. Qb1 (27. Qxd5 $14 cxd5 28. f3) 27... g5 $11 28. a3 g4 29. Qf1 Ka7 30. Qe2 Qf5 31. Qd2 c5 32. Re2 Re5 33. Qf4 {Threatens to win with Qxf5.} Qe6 34. Re3 c6 35. h3 gxh3 36. g4 Rd5 (36... Qd5 $11) 37. Qxe4 Qd6 (37... Rd1+ $14 38. Kh2 Qf6) 38. Rxh3 $16 Re5 39. Qf3 Qd2 40. Kh2 (40. b4 $1 $16) 40... Qxb2 $11 41. Rg3 Qxa3 42. g5 (42. Qf6 $11 {keeps the balance.} Re4 43. Qf5) 42... Qc1 $36 {[%mdl 2048] Keeping White busy.} 43. Qg4 Re1 (43... Qc2 $1 $17 {[%cal Rc2f2]} 44. Kg2 Qg6) 44. Rg1 $1 $11 Rxg1 45. Qxg1 Qxc3 {KQ-KQ} 46. f4 $1 Qc2+ 47. Kh3 (47. Qg2 $1 $11 {was the only way to keep the balance.} Qh7+ 48. Kg3) 47... Qf5+ $1 $17 48. Qg4 Qd3+ 49. Kh4 c4 $1 {[%cal Rc4c3] aiming for ...c3.} 50. g6 {[#]} c3 $1 {[%cal Rc3c2] Hoping for ...c2.} 51. f5 $2 {[%mdl 8192]} (51. g7 $17 Qh7+ 52. Kg3) 51... Qe3 $2 (51... Qd8+ $19 {and Black stays clearly on top.} 52. Kh3 Qh8+ 53. Kg2 Qe5) 52. Qc4 Qf2+ $2 ({Better is} 52... b5 $19 53. Qxc6 Qf4+ {[%mdl 64] Double Attack} 54. Kh3 Qxf5+ 55. Kg3 c2 56. Qc7+ Ka8 57. Qc6+ Kb8 58. Qb6+ Kc8 59. Qc6+ Kd8 60. Qd6+ Ke8) 53. Kg5 $1 $15 c2 $1 54. Kf6 $2 {[%mdl 8192] [#]} (54. g7 $17 {nothing else works.}) 54... c5 $1 $19 55. g7 Qd4+ 56. Qxd4 cxd4 57. g8=Q {White threatens Qc8 and mate.} c1=Q {KQ-KQ} 58. Qd8 (58. Qd5 $142 Qc6+ 59. Qxc6 bxc6 60. Ke7) 58... Qc3 59. Kg6 d3 60. f6 {intending f7.} d2 61. Kg7 Qg3+ {Black mates.} 62. Kh7 Qh2+ 63. Kg7 Qg1+ {Accuracy: White = 50%, Black = 57%.} 0-1